[Event "Leon 18th"]
[Site "Leon"]
[Date "2005.06.12"]
[Round "2.4"]
[White "Anand, Viswanathan"]
[Black "Kasimdzhanov, Rustam"]
[Result "1-0"]
[WhiteElo "2785"]
[BlackElo "2670"]
[Annotator "Erenburg,S"]
[PlyCount "77"]
[EventDate "2005.06.10"]
[EventType "k.o. (rapid)"]
[EventRounds "2"]
[EventCountry "ESP"]
[SourceTitle "CBM 108"]
[Source "ChessBase"]
[SourceDate "2005.09.26"]
[SourceVersion "1"]
[SourceVersionDate "2005.09.26"]
[SourceQuality "1"]

{[%mdl 4]} 1. e4 e5 2. Nf3 Nc6 3. Bb5 a6 4. Ba4 Nf6 5. O-O Be7 6. Re1 b5 7. Bb3
O-O 8. h3 Bb7 9. d3 d6 10. a3 {Nowadays this is a very fashionable line, as
White faces some problems to get an advantage in Marshall lines...} Na5 {
Black attacks White's bishop, thus, making possible the c7-c5 advance.} 11. Ba2
c5 12. Nbd2 {White has two options for development of the queenside knight...
Another one is:} (12. Nc3 Nc6 13. Nh2 Nd4 14. Ng4 Nxg4 15. hxg4 Bg5 $11 {
0-1 Leko,P-Grischuk,A/Cap d'Agde 2003/CBM 098/[Atlas,V] (36)}) 12... Nc6 ({
Immediate transfer of the light-squared bishop to e6 is possible as well:} 
12... Bc8 13. c3 Be6 14. Bxe6 fxe6 15. b4 cxb4 16. axb4 Nc6 17. Qb3 Qd7 18. Bb2
h6 19. Ra2 Rfb8 20. Rea1 $14 {0-1 Leko,P-Anand,V/Dortmund 2004/CBM 103/[Marin,
M] (83)}) 13. Nf1 {transfering the knight either to e3 or to g3.} ({White
hasn't achieved anything special after} 13. c3 Qd7 14. Nf1 d5 15. Bg5 dxe4 16.
dxe4 c4 17. Ne3 Rfd8 18. Nf5 Qe6 19. Qe2 Bf8 20. Bb1 h6 {1/2-1/2 Kramnik,
V-Leko,P/Brissago SUI 2004/The Week in Chess 517 (20)}) 13... Bc8 {transfering
the bishop to e6.} 14. Bg5 $146 {This logical move is a novelty. White's idea
is to exchange his bishop for one of Black's light pieces. In this pawn
structure White's dark-squared bishop is usually not so active... According to
my database, this position appeared for the first time. In the previous games
White tried the following continuations:} (14. a4 $146 Be6 15. Bxe6 fxe6 16. c3
Qd7 17. Ng3 h6 18. Bd2 Rfb8 $11 {0-1 Gdanski,J-Naiditsch,A/Warsaw 2005/CBM
108_01/[Erenburg] (49)}) (14. Ne3 Be6 15. Bd5 Rc8 16. c3 Bxd5 17. exd5 Nb8 18.
a4 Qd7 19. axb5 axb5 20. c4 $14 {1-0 Sutovsky,E-Beliavsky,A/15th European Team
Championship 2005 - 2005 (50)}) (14. c3 Be6 15. Bxe6 fxe6 16. Ng3 Nd7 17. Be3
d5 18. exd5 exd5 19. a4 Rb8 20. axb5 axb5 21. b3 Ra8 {1/2-1/2 Kasparov,
G-Topalov,V/Linares ESP 2005/The Week in Chess 539 (21)}) 14... Ne8 ({Deserves
attention:} 14... Be6 15. Bxf6 (15. Ne3) 15... Bxf6 16. Ne3 $13) 15. Bxe7 Nxe7
16. Ne3 Nf6 ({Worth consideration.} 16... Be6 $5 17. Bxe6 fxe6 18. Ng5 $141 Qc8
19. Qg4 h6 20. Qxe6+ $2 (20. Nxe6 $2 h5 $17) 20... Qxe6 21. Nxe6 Rf6 $17) 17.
c3 {preparing the breakthrough in the centre.} Qc7 (17... Be6 18. Bxe6 fxe6 19.
Qb3 Qd7 $11 20. Ng5 $6 d5 $15) 18. Nh2 {transfering the knight to g4.} Be6 19.
Nhg4 {White wants to force Black to take on g4. Then he will be able to move
the pawn from "h" to "g" file thus getting an open "h" file, as well as
outpost f5.} Nd7 ({Worth consideration:} 19... Nxg4 20. hxg4 Rad8 $13 {[%cal
Yd6d5]}) 20. Qf3 {Black chooses the most principle way to limit the
possibilities of White's light-squared bishop.} c4 ({Interesting alternative is
} 20... a5 $5) 21. Nf5 Bxf5 $6 {In my opinion, Black shouldn't have exchanged
the light-squared bishop... Now White has some chances to take control over
the light squares.} (21... Rfe8 $5 {[%cal Gc7c6,Ye7f5] is possible as well.})
22. exf5 {[%cal Gf5f6]} f6 {preventing White's f5-f6 strike.} ({Interesting is
} 22... d5 23. f6 Nxf6 24. Nxf6+ gxf6 25. Qxf6 Ng6 26. dxc4 bxc4 27. Rad1 Rfd8
28. Bb1 e4 29. f3 $13) 23. a4 $36 {[%cal Ga4b5,Ya1a8,Yf3a8,Ga2c4,Yd5g8,Yc4g8]
Now Black faces some problems, because of the weaknesses of light squares.} d5
24. Ne3 Qc6 {trying to cover the light squares.} ({In case of} 24... Qc5 {
White gets advantage after} 25. dxc4 (25. Red1 $5 $14) 25... bxc4 26. b3 (26.
b4 Qc6 27. Rad1 e4 28. Nxd5 Nxd5 29. Qxe4 $44) 26... Rac8 27. bxc4 d4 28. Nd5
Nc6 29. Nb4 $1 $16) 25. dxc4 dxc4 (25... bxc4 {isn't better, than the move in
the game:} 26. Red1 Nb6 (26... e4 27. Nxd5 $1 Nxd5 28. Qxe4 N7b6 29. a5 Rfe8
30. Qf3 $16) 27. a5 Na4 (27... e4 28. Qe2 $18 {[%cal Ge3d5]}) 28. Bxc4 $16) 26.
Qxc6 Nxc6 27. b4 $1 {covering the c5 square.} (27. b3 $2 Nc5 $1 28. axb5 axb5
29. bxc4 b4 $132) 27... Nb6 {Black doesn't equalize after the following
continuations as well:} (27... Rfd8 28. Bb1 Rac8 29. Be4 $16 {[%cal Ya1a8]}) (
27... cxb3 28. Bxb3+ Kh8 29. Bd5 Rac8 30. axb5 axb5 31. Reb1 $16) 28. a5 Nd7 (
28... Na4 29. Bxc4+ $18) (28... Nc8 {seems a little bit strange, but there
isn't a clear way to get an obvious advantage for White.} 29. Rad1 Rd8 30.
Rxd8+ Nxd8 31. Rd1 Nf7 32. Bb1 (32. Rd7 Ra7 33. Rxa7 Nxa7 34. Nxc4 bxc4 35.
Bxc4 Kf8 36. Bxa6 Nd6 $14) 32... Ncd6 33. Nd5 Ra7 $14) 29. Rad1 Rad8 $2 {
[%cal Gd7b8] allowing white to get a winning position.} ({Black should have
played} 29... Rfd8 {, keeping the a6 pawn protected.} 30. Rd6 (30. Bb1 Rac8 31.
Be4 Ndb8 $14) 30... Ndb8 31. Rxd8+ Nxd8 32. Bb1 Ra7 $14) {[%tqu "En","Please
find the best move for white.","","","e3c4","",10]} 30. Nxc4 $1 {geting three
pawns for the knight.} bxc4 31. Bxc4+ Kh8 32. Bxa6 $18 {White has three passed
pawns on the queenside, that are supported by rooks and bishop... Black isn't
able to stop them without material loses...} Ne7 ({Loses as well:} 32... Ndb8
33. Bb7 Na7 34. a6 Nbc6 35. Bxc6 Nxc6 36. b5 Na5 37. Rxd8 Rxd8 38. b6 {[%cal
Ge1a1]} Nc6 39. Ra1 Kg8 40. a7 $18) 33. Bb7 Nxf5 34. g4 Ne7 (34... Nh4 35. Rd6
{[%cal Ge1d1]} Nb8 36. Red1 $18 {[%cal Ga5a6,Ga6a7]}) 35. c4 Nb8 36. a6 Nbc6 (
36... Nec6 {doesn't change anything:} 37. Rxd8 (37. b5 Nd4) 37... Rxd8 38. b5
Na7 39. b6 $18) 37. Rxd8 Rxd8 (37... Nxd8 38. Bg2 $18) 38. b5 Na5 39. Ra1 {
Black resigned in view of the following variation:} (39. Ra1 Nb3 40. Ra2 Nc5
41. Bg2 e4 42. a7 Ra8 43. b6 $18 {[%cal Gg2e4,Yb6b7]}) (39. c5 $18 {wins as
well.}) 1-0

[Event "FIDE-Wch"]
[Site "San Luis"]
[Date "2005.10.06"]
[Round "8"]
[White "Anand, Viswanathan"]
[Black "Polgar, Judit"]
[Result "1-0"]
[WhiteElo "2788"]
[BlackElo "2735"]
[Annotator "Ribli,Z"]
[PlyCount "123"]
[EventDate "2005.09.28"]
[EventType "tourn"]
[EventRounds "14"]
[EventCountry "ARG"]
[EventCategory "20"]
[SourceTitle "CBM 110"]
[Source "ChessBase"]
[SourceDate "2006.01.31"]
[SourceVersion "1"]
[SourceVersionDate "2006.01.31"]
[SourceQuality "1"]

1. e4 c5 2. Nf3 e6 3. d4 cxd4 4. Nxd4 Nc6 5. Nc3 Qc7 6. Be3 a6 7. Qd2 Nf6 8.
O-O-O Bb4 9. f3 Ne7 {Eine beliebte Fortsetzung von Schwarz. Die Alternativen
sind - 9...Na5 (von Anand selbst früher gern gespielt) und die Hauptvariante 9.
..Ne5.} 10. Nde2 b5 (10... d5) 11. Bf4 $5 {Das ist Anands Abweichung von der
Partie Leko,P - Polgar,J (die vier Runden früher gespielt wurde). Polgar
verlor diese Partie, aber natürlich hat sie ihr schwarzes Spiel verbessert,
aber wie?} (11. Kb1 Ba5 12. Qd4 Nc6 13. Qc5 Bb4 14. Qg5 O-O 15. Qg3 Ne5 16. h4
Bb7 17. h5 Ne8 18. a3 Bd6 19. Bf4 f6 $1 {1/2-1/2 Topalov,V-Polgar,J/Sofia 2005/
CBM 107/[Ribli] (68)}) (11. Qe1 $5 Ba5 12. Qf2 d5 13. Bc5 b4 14. Na4 Rb8 15.
Nd4 {[%cal Gd4b3,Gb3a5] 1-0 Karjakin,S-Zhang Pengxiang/Tiayuan 2005/CBM 108/
[Ribli Zoltan] (26)}) (11. g4 h6 12. Rg1 $5 Ng6 13. a3 Be7 14. f4 b4 15. axb4
Bxb4 16. Qd4 Qa5 17. Kb1 Rb8 18. g5 {1-0 Leko,P-Polgar,J/San Luis 2005/CBM 110/
[Ribli Zoltan] (25)}) 11... e5 12. Bg5 Bb7 13. Kb1 {Es scheint, dass Weiß mit
dem Königszug abwartet, aber er hat auch eine konkrete Drohung - 14.Nxb5!} Ba5
14. Bxf6 $1 $146 {[%mdl 4] Das ist die starke Neuerung von Anand! Weiß
verschlechtert die schwarze Bauernstruktur und plant, gegen den schwachen
Bauern zu spielen.} (14. Qd6 Nfd5 $1 15. Qxc7 Nxc7 16. Ng3 f6 {1/2-1/2 Akopian,
V-Nisipeanu,L/Gothenburg 2005/(16)}) 14... gxf6 15. Qh6 {[%csl Rf6,Gh6]} Qb6 (
15... Ng6 16. Qg7 $16) 16. g3 $1 {[%cal Gf1h3,Gh3d7] Sehr einfach und gut
gespielt; die weiße Drohung ist 17.Bh3.} Qe6 (16... f5 17. Qg7 Rg8 18. Qxe5 Qe6
19. Qf4 $16) (16... b4 17. Na4 (17. Nd5 Bxd5 18. exd5 Nf5 $132) 17... Qc6 18.
Bh3 (18. b3 O-O-O (18... d5 19. Bh3) 19. Qh5) 18... f5 19. Qg7 Rg8 20. Qxe5
Qxa4 21. Bxf5 $40) (16... O-O-O 17. Bh3) 17. Bh3 f5 18. Qh4 $1 {[%csl Rf5]
[%cal Gh3d7]} (18. Qh5 Qg6 19. Qh4) 18... f6 (18... O-O-O 19. exf5 Nxf5 20. Qg5
$18) (18... d5 19. Bxf5 Nxf5 20. exf5 Qxf5 21. Nxd5 $18) 19. exf5 $16 {Weiß
hat einen Bauern mehr und es gibt keine Kompensation für Schwarz.} Qf7 20. Ne4
Bxe4 21. fxe4 (21. Qxe4 d5) 21... Nc6 22. Rd6 O-O (22... Rf8 23. Rhd1 O-O-O 24.
c3) 23. Rhd1 Ra7 24. Bf1 {"Der Mohr hat seine Schuldigkeit getan, der Mohr
kann gehen". Weiß möchte nun seine Läuferstellung verbessern.} Rc7 25. Nc1 Bb4
26. R6d5 Rfc8 27. Nb3 Bf8 28. c3 {Weiß hat einen Bauern mehr und besitzt
positionellen Druck auf der d-Linie, aber es gibt noch keinen forcierten
Gewinn.} Kh8 29. g4 {Es ist nur konsequent, dass Weiß seine Bauernmehrheit am
Königsflügel mobilisiert.} Qg7 30. Qg3 Ra8 31. a3 (31. h4 $142 $1 h6 32. Qf3 b4
33. g5 bxc3 34. Qxc3 hxg5 35. hxg5 fxg5 36. Bc4 $18 {[%cal Rd1h1,Rh1h8]}) 31...
Rac8 32. Nc1 {[%cal Gc1a2,Ga2b4]} (32. Nc5 Nb8 (32... Ne7 33. Nxa6 Nxd5 34.
Rxd5 Rb7 35. Bxb5 $18) 33. Nd3 $16) 32... Na5 33. Na2 Nb3 34. h4 {[%cal Gg4g5]}
Nc5 35. Bd3 Na4 {[%cal Ga4b6,Gb6d5]} 36. Bc2 Nb6 37. R5d3 d5 $1 {[%mdl 256]
Schwarz verteidigt sich gut; in der sehr schweren Stellung opfert er einen
Bauern und möchte den Aktionsradius seines Läufer verbessern.} 38. exd5 Bd6 {
[%csl Gd6]} 39. Bb3 a5 40. Qf2 Nc4 41. Qe2 Rg8 42. Rg1 Qh6 43. Rdd1 a4 (43...
Qxh4 44. a4 $1) 44. Bxc4 Rxc4 45. g5 $1 {Weiß opfert einen Bauern zurück, um
seinen Angriff am Königsflügel einzuleiten.} (45. h5) 45... fxg5 (45... Qxh4
46. g6 $1 Qe4+ 47. Qxe4 Rxe4 48. Rh1 Rg7 49. Rdg1 $18) 46. hxg5 Rxg5 47. Qe3 {
[%csl Ge3][%cal Ge3a7,Re3h6] Es "hängt" der Turm auf g5 und es droht die
Dameneindringung auf b6.} Rf4 48. Qb6 {[%csl Rb5]} Rgxf5 49. Qxb5 Rf8 50. Nb4
e4 51. Rde1 Rh4 52. Ka1 e3 53. Qxa4 $18 {Weiß hat wieder zwei Bauern mehr und
der e-Bauer bietet keine Gegenchancen für Schwarz.} Re4 54. Qa6 Rfe8 55. Re2
Qf8 56. Qd3 Qf6 57. Nc2 Bc5 58. Rge1 Qe5 59. b4 Bb6 60. Kb2 h5 61. d6 Qf5 62.
Rxe3 $1 (62. Rxe3 $1 Bxe3 63. Rxe3 $18) 1-0

[Event "FIDE-Wch"]
[Site "San Luis"]
[Date "2005.10.10"]
[Round "11"]
[White "Anand, Viswanathan"]
[Black "Kasimdzhanov, Rustam"]
[Result "1-0"]
[WhiteElo "2788"]
[BlackElo "2670"]
[Annotator "Ftacnik,L"]
[PlyCount "57"]
[EventDate "2005.09.28"]
[EventType "tourn"]
[EventRounds "14"]
[EventCountry "ARG"]
[EventCategory "20"]
[SourceTitle "CBM 110"]
[Source "ChessBase"]
[SourceDate "2006.01.31"]
[SourceVersion "1"]
[SourceVersionDate "2006.01.31"]
[SourceQuality "1"]

1. e4 c5 2. Nf3 d6 3. d4 cxd4 4. Nxd4 Nf6 5. Nc3 a6 6. f3 e5 7. Nb3 Be6 8. Be3
Nbd7 9. Qd2 b5 10. O-O-O Nb6 11. Qf2 Nc4 12. Bxc4 bxc4 13. Na5 $5 {Bologan's
fresh idea since black can not capture the knight.} (13. Nc5) 13... Rc8 (13...
Nd7 14. Nc6 Qc7 15. Nb4 Qb7 16. Nbd5 Rb8 17. b3 cxb3 18. cxb3 Be7 {and here
Sakaev proposes} 19. Kb2 (19. Nxe7 Kxe7 20. Nd5+ Bxd5 21. Rxd5 Rhc8+ 22. Kb2
$14) 19... Bd8 {1/2-1/2 Bologan,V-Gelfand,B/Merida 2005/ (56)}) (13... Qc8 14.
Nd5 Nxd5 (14... Rb8 15. Qe2 Bxd5 16. exd5 c3 17. b3 Rb5 18. Qc4 Qxc4 19. Nxc4
Be7 20. Rd3 e4 21. fxe4 Nxe4 22. a4 Rb8 23. Bd4 O-O 24. Bxc3 Bg5+ 25. Kb1 Nf2
26. Rg3 {1-0 Najer,E-Ghaem Maghami,E/Khanty Mansiysk 2005/ (56)}) 15. exd5 Bd7
16. f4 Rb8 17. Bd2 f6 18. Bc3 Be7 19. Rhe1 O-O 20. Re4 Bb5 21. Nc6 Rb7 22. Qf3
Bd8 23. Nxd8 Rxd8 24. g4 {1-0 Sadvakasov,D-Zhou Jianchao/Hyderabad 2005/ (61)})
(13... Qxa5 $2 14. Bb6 Qb4 15. a3 $18) 14. Bb6 Qd7 15. g3 g6 $5 (15... Be7 16.
h3 $1 (16. f4 Bh3 $1 17. fxe5 Ng4 $11)) 16. Rd2 (16. f4 $5 Bh6 17. Kb1 $14)
16... Bh6 17. f4 Ng4 {Kasimdzhanov had a very challenging task do decide on
the best defense. 17...0-0!? might have been the best despite passivity of
black's pieces.} (17... Nh5 $6 18. Rhd1 exf4 $2 19. g4 $1 $16) (17... O-O $5
18. Rhd1 Ne8 $13) 18. Qf3 Rb8 (18... Nf6 19. h3 $1 Bxh3 (19... O-O $5) 20. Be3
Bg4 21. Qf1 Nh5 22. Nxc4 Nxg3 23. Qg2 Rxc4 (23... Nxh1 24. Nxd6+ Kf8 25. Nxc8
Qxc8 26. Qxh1 $18) 24. Rxh6 Rxc3 $1 25. Qxg3 $1 Qe6 26. Kb1 $1 exf4 27. Qxf4
Rc4 28. Bd4 O-O 29. b3 $40) (18... O-O $2 19. Rhd1 $16) (18... exf4 19. gxf4
Rb8 (19... Ne5 20. fxe5 Bxd2+ 21. Kxd2 dxe5+ 22. Kc1 $16) 20. Bd4 $1 $16) 19.
h3 $5 (19. Bc5 exf4 $1 20. gxf4 (20. Rxd6 Qc7 $1) 20... Ne5 $1 $13) 19... Nf6
$4 {[%mdl 64] Kasimdzhanov has missed a phanstastic resource 19...Nh2! that
would have kept him veru much in the game.} (19... Nh2 $1 $13 20. Rhxh2 (20.
Qe3 Nf3 21. Rd5 (21. Rf2 $6 Nd4 $1 22. Bxd4 exd4 23. Qxd4 O-O $40) 21... exf4
22. gxf4 O-O (22... Ne5 23. Bc5 Bxd5 24. Nxd5 Qd8 25. Qc3 O-O 26. Bb4 Rb5 27.
Kb1 Rxd5 28. exd5 Bxf4 29. Rf1 $14) 23. Nxc4 Qc6 24. b3 Rxb6 25. Qxb6 (25. Rxd6
Qc7 26. Qxb6 Bxf4+ 27. Kb2 Bxd6 28. Qxd6 Qxd6 29. Nxd6 Rd8 30. Nb7 Rd2 $132)
25... Bxf4+ 26. Kd1 Qxb6 27. Nxb6 Ng5 $5 28. Ra5 $16) (20. Qf2 Nf3 21. Nd5 (21.
Rd5 exf4 22. Qxf3 Rxb6 23. Nxc4 Rc6 24. Ne5 Rxc3 25. Qxc3 fxg3+ 26. Kb1 Bg7 27.
Nxd7 Bxc3 28. Rxd6 g2 $1 29. Rg1 Bxd7 30. bxc3 Bxh3 31. Rd3 Be6 32. Rxg2 Ke7 $5
$36) (21. Ba7 $13) 21... Qa4 22. Nc7+ Kf8 $1 (22... Ke7 23. Rxd6 $1 $16) 23.
Rxd6 Qxa2 24. Nxe6+ fxe6 25. Qxf3 Rxb6 $1 26. Nxc4 Rxd6 27. Nxd6 exf4 $5 28. e5
Qa1+ 29. Kd2 Qa5+ 30. Kc1 $11) 20... Rxb6 21. f5 O-O $1 $13 (21... gxf5 $2 22.
exf5 Bxf5 23. Nd5 $1 $18)) (19... Rxb6 $2 20. hxg4 Bg7 21. f5 $18) 20. Bc5 $1
exf4 21. gxf4 Rc8 {Black is now helpless against the myriads of threats.} (
21... Bf8 22. f5 $1 gxf5 23. exf5 Bxf5 24. Re1+ Kd8 25. Nc6+ $18) 22. Bxd6 Qd8
23. Bb4 Qb6 24. a3 Nh5 25. Kb1 (25. Nd5 Bxd5 26. exd5 Bxf4 27. Qe4+ $18) 25...
Bxf4 26. Nd5 $1 Bxd5 27. Rxd5 Bb8 (27... Qb8 28. Rhd1 Qc7 29. Qc3 $18) 28. Rhd1
c3 29. Rd7 1-0

[Event "FIDE-Wch"]
[Site "San Luis"]
[Date "2005.10.13"]
[Round "13"]
[White "Anand, Viswanathan"]
[Black "Morozevich, Alexander"]
[Result "1/2-1/2"]
[WhiteElo "2788"]
[BlackElo "2707"]
[Annotator "Finkel,A"]
[PlyCount "53"]
[EventDate "2005.09.28"]
[EventType "tourn"]
[EventRounds "14"]
[EventCountry "ARG"]
[EventCategory "20"]
[SourceTitle "CBM 110"]
[Source "ChessBase"]
[SourceDate "2006.01.31"]
[SourceVersion "1"]
[SourceVersionDate "2006.01.31"]
[SourceQuality "1"]

1. e4 e6 2. d4 d5 3. Nc3 Nf6 4. e5 Nfd7 5. f4 c5 6. Nf3 Nc6 7. Be3 cxd4 8. Nxd4
Bc5 9. Qd2 O-O 10. O-O-O a6 11. Nb3 $5 {This rare move is a pet line of Dutch
grandmaster Nijboer. White's idea is to avoid multiple trades on d4 trying to
keep more pieces on the board for the kingside attack.} (11. Kb1) (11. Qf2)
11... Bb4 (11... Be7) 12. Bd3 (12. a3 $2 Be7 13. Bd3 b5 14. Ne2 b4) 12... b5
13. Rhf1 {Preparing Rf1-f3-h3.} (13. g4 Nb6 (13... Bb7 14. Rhg1 Rc8 15. Rg3 Re8
16. Rh3 g6 17. Qf2 Bf8 18. g5 Nb4 19. Kb1 Nxd3 20. cxd3 Bc6 21. Ne2 $16 {
Nijboer,F-Glek,I/France 2003}) 14. Qf2 Nc4 15. Ne4 Be7 16. g5 dxe4 17. Bxc4 Qc7
18. Bb6 Qb8 19. Be2 Nb4 $132 {Nijboer,F-Stellwagen,D/Leeuwarden 2002}) 13...
Nb6 (13... f6 14. exf6 Qxf6 15. Nd4 $14) (13... Bb7 14. Rf3 Rc8 15. Rh3 f5 16.
exf6 Nxf6 17. Bc5 Rf7 18. Bxb4 Nxb4 19. a3 Nxd3+ 20. Rxd3 Qb6 $13 {Gallagher,
J-Brynell,S/Gausdal 2001}) 14. a3 $5 {A very commiting move, as Black gets a
chance to break through on the queenside by b4.} (14. Qf2 Nc4 15. Bxc4 $5 (15.
Bc5 Bxc5 16. Nxc5 $11) 15... bxc4 16. Nd4 Ne7 $1 17. Nb1 (17. g4 f6 18. exf6
Rxf6 19. Nde2 Rb8 20. Ne4 $1 $36 {Cabrilo,G-Bareev,E/Belgrade 1988}) 17... Rb8
18. c3 Bc5 19. Nc2 Bxe3+ 20. Qxe3 Qb6 21. Qxb6 Rxb6 22. Nd2 f6 23. Nf3 $14 {
Rowson,J-Hoang Thanh Trang/Budapest 1996}) 14... Be7 15. Nd4 Qc7 16. Nxc6 Qxc6
17. Bd4 $5 ({The immediate} 17. f5 {doesn't seem to be sufficient for
advantage due to} f6 $8 (17... b4 $2 18. axb4 Bxb4 19. Bxb6 Qxb6 20. f6 $16)
18. Bxb6 Qxb6 19. fxe6 Bxe6 20. Bf5 Rad8 $11) 17... Nc4 (17... b4 $5) 18. Qe2
Rb8 {Black is ready to push b4, so Anand is forced to sacrifice on h7.} 19.
Bxh7+ {Diagram [#]} (19. Rf3 $6 g6 $36) 19... Kxh7 20. Qh5+ Kg8 21. Rd3 {
It's not so clear which rook White should've transfered to h3, but it seems
that his attack is sufficient only for a draw in any case.} (21. Rf3 f5 22. Rh3
Bc5 (22... b4 $6 23. axb4 Bxb4 24. Qg6 Rf7 25. Rh7 Qc7 26. Qh5 Kf8 27. Rh8+ Ke7
28. Bf2 $16) 23. Qh7+ Kf7 24. Rg3 Rg8 25. Qg6+ Ke7 26. Nxd5+ Qxd5 27. Bxc5+
Qxc5 28. Qg5+ Kf7 $11) 21... f5 22. Rh3 Bc5 23. Rff3 {By playing this move
Anand actually accepts a draw. He could've tried to play on with} (23. Qg6 $5
Rf7 24. Rh7 Qc7 25. Qh5 Kf8 26. Rh8+ Ke7 27. Qg5+ Kd7 28. Nxd5 exd5 29. e6+ $13
{with a quite messy position.}) 23... Bxd4 24. Rfg3 Rb7 25. Qh7+ Kf7 26. Qxg7+
Ke8 27. Qxf8+ $1 {Diagram [#]} (27. Qxf8+ Kxf8 28. Rh8+ Kf7 29. Rh7+ Kf8 $11)
1/2-1/2